Scientific review in arid zone research V 1. (Record no. 37182)

MARC details
000 -LEADER
fixed length control field 00312nam a2200121Ia 4500
082 ## - DEWEY DECIMAL CLASSIFICATION NUMBER
Classification number 631.67
Item number MAN.1
245 #0 - TITLE STATEMENT
Title Scientific review in arid zone research V 1.
260 ## - PUBLICATION, DISTRIBUTION, ETC. (IMPRINT)
Place of publication Jodhpur
Name of publisher Scientific
Year of publication 1983
650 ## - SUBJECT ADDED ENTRY--TOPICAL TERM
Topical Term Arid zone
700 ## - ADDED ENTRY--PERSONAL NAME
Personal name Mann, H S
942 ## - ADDED ENTRY ELEMENTS (KOHA)
Koha item type Books
Holdings
Withdrawn status Lost status Damaged status Not for loan Home library Current library Date acquired Cost, normal purchase price Full call number Accession Number Koha item type
        RRII Library RRII Library 16/12/2021 250.00 631.67 MAN.1 17569 Books